First Lines Of Taylor Swift Songs #2 - Statistics

General Stats
  • This quiz has been taken 1,294 times
  • The average score is 14 of 18
Answer Stats
First Line(s) Song % Correct
Fever dream high in the quiet of the night Cruel Summer
90%
He said "lets get out of this town" Wildest Dreams
90%
Salt air, and the rust on your door August
88%
Knew he was a killer first time that I saw him ...Ready For It?
85%
I walked through the door with you All Too Well
83%
Baby boy I think I've been a little too kind Bejeweled
83%
Now go sit in the corner and think about what you did Better Than Revenge
82%
Rain, he wanted it comfortable Midnight Rain
80%
You should take it as a compliment Gorgeous
79%
I never trust a narcissist I Did Something Bad
79%
There I was again tonight Enchanted
78%
He did it No Body No Crime
78%
We're all bored New Romantics
72%
I'm doing good, I'm on some new shit The One
72%
The Moon Is High Paper Rings
67%
_____, I won't make assumptions Betty
64%
Walking through a crowd, the village is aglow Welcome To New York
62%
Long were the nights when my day first revolved around you Dear John
54%
No matching quizzes found
Score Distribution
Percent of People with Each Score
Percentile by Number Answered
Your Score History
You have not taken this quiz